UITU Library & LRC     

Computers Today (Record no. 25014)

MARC details
000 -LEADER
fixed length control field 00414nam a2200169Ia 4500
008 - FIXED-LENGTH DATA ELEMENTS--GENERAL INFORMATION
fixed length control field 241115s9999 xx 000 0 und d
020 ## - INTERNATIONAL STANDARD BOOK NUMBER
International Standard Book Number 0-07-100328-2
082 ## - DEWEY DECIMAL CLASSIFICATION NUMBER
Classification number 004 SAN
100 ## - MAIN ENTRY--PERSONAL NAME
Personal name Sanders, Donald H.
245 #0 - TITLE STATEMENT
Title Computers Today
250 ## - EDITION STATEMENT
Edition statement 3rd ed.
260 ## - PUBLICATION, DISTRIBUTION, ETC.
Place of publication, distribution, etc. Singapore:
Name of publisher, distributor, etc. McGraw Hill,
Date of publication, distribution, etc. 1999
300 ## - PHYSICAL DESCRIPTION
Extent xxvii,776p.
600 ## - SUBJECT ADDED ENTRY--PERSONAL NAME
Personal name Computer Science
650 ## - SUBJECT ADDED ENTRY--TOPICAL TERM
Topical term or geographic name entry element Computer Science
942 ## - ADDED ENTRY ELEMENTS (KOHA)
Koha item type Book Bank Data
Holdings
Withdrawn status Lost status Damaged status Not for loan Collection Home library Current library Date acquired Source of acquisition Cost, normal purchase price Total checkouts Barcode Date last seen Price effective from Koha item type
        BB-Computer Science UITU Library UITU Library 01/27/2003 FBC 70.00   BB521 11/15/2024   Book Bank Data

Powered by Koha